Test it, Fix it - FCE: Grammar Pre-intermediate
保存先:
| 第一著者: | |
|---|---|
| フォーマット: | 図書 |
| 言語: | English |
| 出版事項: |
New York
Oxford University Press
2006
|
| 主題: | |
| タグ: |
タグ追加
タグなし, このレコードへの初めてのタグを付けませんか!
|
| Thư viện lưu trữ: | Trung tâm Học liệu Lê Vũ Hùng, Trường Đại học Đồng Tháp |
|---|
| LEADER | 00693pam a22002418a 4500 | ||
|---|---|---|---|
| 001 | 00029771 | ||
| 005 | 20171026081022.0 | ||
| 008 | 121121s2006 ||||||engsd | ||
| 041 | 0 | # | |a eng |
| 082 | 1 | 4 | |a 423 |b T206I |
| 100 | 1 | # | |a Bourke, Kenna |
| 245 | 1 | 0 | |a Test it, Fix it - FCE: Grammar |b Pre-intermediate |c Kenna Bourke |
| 260 | # | # | |a New York |b Oxford University Press |c 2006 |
| 300 | # | # | |a 87 p. |c 24 cm. |
| 653 | # | # | |a Sửa lỗi |
| 653 | # | # | |a Tự học |
| 653 | # | # | |a Tiếng Anh |
| 852 | # | # | |b Kho mượn |j KM.0011573 |
| 852 | # | # | |j KM.0011573 |
| 910 | |d 21/11/2012 | ||
| 980 | # | # | |a Trung tâm Học liệu Lê Vũ Hùng, Trường Đại học Đồng Tháp |